Informe anual 1994. Programa precipitaciones ácidas en la zona metropolitana de la Ciudad de México / (Record no. 30793)

MARC details
000 -CABECERA
campo de control de longitud fija 00799nam a2200193 a 4500
005 - FECHA Y HORA DE LA ÚLTIMA TRANSACCIÓN
campo de control 20210219151253.0
008 - ELEMENTOS DE LONGITUD FIJA--INFORMACIÓN GENERAL
campo de control de longitud fija 991125n1996 mx 000 0 spa u
035 ## - NÚMERO DE CONTROL DEL SISTEMA
Número de control de sistema UPN01000030793
049 ## - COLECCIÓN
Colección CG
050 #4 - SIGNATURA TOPOGRÁFICA DE LA BIBLIOTECA DEL CONGRESO
Número de clasificación TD196 A25
Número de documento/Ítem M6.5
245 00 - MENCIÓN DE TÍTULO
Título Informe anual 1994. Programa precipitaciones ácidas en la zona metropolitana de la Ciudad de México /
Mención de responsabilidad, etc. Dirección General de Prevención y Control de la Contaminación, Dirección de la Red Automática de Monitoreo Atmosférico
260 ## - PUBLICACIÓN, DISTRIBUCIÓN, ETC.
Lugar de publicación, distribución, etc. México :
Nombre del editor, distribuidor, etc. DDF,
Fecha de publicación, distribución, etc. 1996
300 ## - DESCRIPCIÓN FÍSICA
Extensión 87 p.
650 #4 - ASIENTO SECUNDARIO DE MATERIA - TERMINO TEMATICO
Término de materia o nombre geográfico como elemento de entrada LLUVIA ACIDA-
-- SPECTOS AMBIENTALES
650 #4 - ASIENTO SECUNDARIO DE MATERIA - TERMINO TEMATICO
Término de materia o nombre geográfico como elemento de entrada LLUVIA ACIDA-
Subdivisión geográfica MEXICO (CIUDAD)
710 2# - ASIENTO SECUNDARIO - NOMBRE CORPORATIVO
Nombre de entidad corporativa o nombre de jurisdicción como elemento de entrada México.
Unidad subordinada Departamento del Distrito Federal.
-- Dirección General de Prevención y Control de la Contaminación
904 ## - ELEMENTOS DE DATOS D LOCAL, LDD (RLIN)
a AC
b 030794
905 ## - TIPO DE MATERIAL
Tipo de material Libro
Holdings
Estado de retiro Estado de pérdida Fuente del sistema de clasificación o colocación Estado dañado No para préstamo Código de colección Localización permanente Ubicación/localización actual Ubicación en estantería Enumeración/cronología de publicación seriada Total de préstamos Clasificación Código de barras Fecha visto por última vez Número de copia Tipo de ítem Koha
    Library of Congress Classification     Colección General Bib. Gregorio Torres Quintero Bib. Gregorio Torres Quintero Planta baja - 3 TD196 A25 M6.5 133398 31/12/2020 1 Libro